Políticas municipales de microcrédito: un instrumento para la dinamización de los sistemas productivos locales. Estudios de caso en América Latina
Spremljeno u:
| Glavni autori: | , |
|---|---|
| Format: | Knjiga |
| Jezik: | španjolski |
| Izdano: |
Santiago
Cepal
2006
|
| Serija: | Libros de la Cepal, 89
|
| Teme: | |
| Oznake: |
Dodaj oznaku
Bez oznaka, Budi prvi tko označuje ovaj zapis!
|
MARC
| LEADER | 00000nam a2200000 a 4500 | ||
|---|---|---|---|
| 001 | UCJ0010 | ||
| 003 | CL-VaPUC | ||
| 008 | 060623e20060000CL |||||||||||||||||spa|d | ||
| 020 | |a 9213227922 | ||
| 082 | 0 | 4 | |a 362.7 |b FOS |2 21 |
| 100 | 0 | |a Foschiatto, Paola |e author |9 500034 | |
| 700 | 0 | |a Stumpo, Giovanni |e author |9 500035 | |
| 245 | 1 | 0 | |a Políticas municipales de microcrédito: un instrumento para la dinamización de los sistemas productivos locales. Estudios de caso en América Latina |
| 300 | |a 236 p | ||
| 942 | |c BK | ||
| 945 | |d 20060623 00:00:00 |a jtorresc | ||
| 260 | |a Santiago |b Cepal |c 2006 | ||
| 650 | 7 | |a POLITICAS MUNICIPALES |2 CL-VaPUC |9 453672 | |
| 651 | 0 | |a América Latina |9 255027 | |
| 583 | |a last modification |c 20130305 12:29:26 |k Rodrigo Vera | ||
| 490 | 0 | |a Libros de la Cepal, 89 | |
| 999 | |c 317007 |d 317005 | ||
| 952 | |0 0 |1 0 |4 0 |6 362_700000000000000_FOS_2006 |7 0 |8 A |9 392670 |a BIBGIM |b BIBGIM |d 2019-11-22 |i 424141K |o 362.7 FOS 2006 |p 424141K |r 2025-01-15 |w 2019-11-22 |y BK |k GIM | ||